00493nam a2200217Ia 4500003000900000008004100009040001300050040001300063041000800076100001700084100001000101245006200111250001200173260000800185260000900193300001000202300001000212490002700222490000600249700002000255IT-RoPAU120407s9999 xx 000 0 und d aIT-RoPAU cIT-RoPAU aita aRudolf Pesch ccoll. aDiaconia e carità nelle comunità del Nuovo Testamento aBologna aEDB c1979 a93 p. c19 cm aEducatori e catechisti v1 aRichard Wòlkl